[Event "IND-ch"]
[Site "Mumbai"]
[Date "2003.01.27"]
[Round "15"]
[White "Kunte, Abhijit"]
[Black "Arvind, Shastry"]
[Result "1/2-1/2"]
[WhiteElo "2507"]
[BlackElo "2330"]
[Annotator "Hecht,H"]
[PlyCount "103"]
[EventDate "2003.01.18"]
[EventType "tourn"]
[EventRounds "21"]
[EventCountry "IND"]
[EventCategory "8"]
[SourceTitle "CBM 094"]
[Source "ChessBase"]
[SourceDate "2003.05.26"]
[SourceVersion "1"]
[SourceVersionDate "2003.05.26"]
[SourceQuality "1"]

1. Nf3 d5 2. c4 e6 3. g3 Nf6 4. Bg2 dxc4 5. Qa4+ c6 6. Qxc4 b5 7. Qc2 Bb7 8. d4
Nbd7 9. a4 a6 10. O-O c5 11. Bg5 Rc8 12. axb5 axb5 13. Bxf6 Nxf6 14. Qb3 Qb6
15. Nc3 b4 16. Na4 Qb5 17. Nxc5 Bxc5 18. dxc5 Qxc5 19. Ra4 Nd5 20. Ne5 Qc7 21.
Nd3 O-O 22. Nxb4 Nxb4 23. Bxb7 Qxb7 24. Rxb4 Qa6 25. Qd3 Qxd3 26. exd3 Rb8 27.
Rxb8 Rxb8 28. Rb1 Rb3 29. Kf1 Rxd3 {Der Freibauer wird von hinten unterstützt
bei 3-4 Bauern am Königsflügel.} 30. b4 Rd7 31. Ke2 Kf8 32. Rd1 Rc7 (32... Rb7
$142 {und dann Königsannäherung}) 33. Kd3 Ke7 34. Ra1 Kd6 35. Ra6+ Kd5 36. Ra5+
Kd6 37. Kd4 Rc2 38. Ra6+ Ke7 39. Ra7+ Kf6 40. b5 Rxf2 41. b6 Rxh2 42. Ra4 (42.
b7 $142 Rb2 43. Kc5 h5 44. Kc6 Rc2+ (44... g5 $2 45. Ra5 $1 {[%cal Ya5h5]}) 45.
Kb6 Rb2+ 46. Kc7 Rc2+ 47. Kb8 g5 48. Ka8 Rb2 49. b8=Q Rxb8+ 50. Kxb8 Kf5 51.
Ra4 e5 52. Kc7 e4 53. Kd6 h4 (53... e3 $2 54. Kd5 $1 {[%cal Ra4e4]}) 54. gxh4
gxh4 55. Kd5 h3 56. Rxe4 Kg5 $11) 42... Rb2 43. Kc5 Ke7 44. Ra7+ Kf6 45. Ra5
Ke7 46. Rb5 $2 (46. Ra7+ $11) 46... Rc2+ 47. Kd4 Rd2+ 48. Kc5 $2 (48. Kc4 Rc2+
49. Kd4 $11) 48... Rc2+ (48... Kd7 $1 $17 {[%cal Rd2d5]}) 49. Kb4 Rb2+ (49...
Kd7 $1 {[%cal Rc2b2]}) 50. Kc4 Rc2+ 51. Kb4 Rc8 $2 52. b7 {Remis ?!?} (52. b7
Rb8 53. Kc5 {und hier kann wegen der starken Turmstellung nur noch Weiß
gewinnen. Z.B.} f5 54. Kc6 Kf6 55. Kc7 Rxb7+ 56. Rxb7 g5 57. Kd6 h5 58. Rh7 $18
) 1/2-1/2

[Event "RUS-ch KO"]
[Site "Moscow"]
[Date "1999.12.17"]
[Round "2.1"]
[White "Shchekachev, Andrei"]
[Black "Poluljahov, Aleksandr"]
[Result "1/2-1/2"]
[WhiteElo "2505"]
[BlackElo "2554"]
[Annotator "Huebner,R"]
[PlyCount "91"]
[EventDate "1999.12.04"]
[EventType "k.o."]
[EventRounds "6"]
[EventCountry "RUS"]
[SourceTitle "CBM 075"]
[Source "ChessBase"]
[SourceDate "2000.04.05"]
[SourceVersion "1"]
[SourceVersionDate "2000.04.05"]
[SourceQuality "1"]

1. Nf3 d5 2. d4 c6 3. c4 e6 4. Qb3 Nf6 5. Bg5 dxc4 6. Qxc4 Be7 7. e3 b6 8. Qc2
Bb7 9. Nc3 Nbd7 10. Rd1 Rc8 11. Be2 Nd5 12. Bxe7 Qxe7 13. Nxd5 exd5 14. O-O O-O
15. Qa4 a5 16. a3 Ra8 17. Rc1 Qd6 18. Rfd1 Rfc8 19. Bd3 g6 20. e4 dxe4 21. Bxe4
Rc7 22. Qb3 a4 23. Qc4 Nf6 24. Bb1 Nd5 25. Ba2 (25. Re1 {sieht plausibler aus;}
c5 26. Rcd1 {ist nicht gefährlich für Weiß.}) 25... Ba6 26. Qxa4 (26. Qc2 {
war verständiger. Nach} Nf4 27. Rd2 Re8 28. Ne5 {dürfte die Stellung in etwa
ausgeglichen sein.}) 26... Nf4 27. Rd2 Nxg2 28. Qb4 $2 (28. Ne5 Nh4 29. Rc3 {
mußte versucht werden.}) 28... Qxb4 29. axb4 Nf4 30. Ne5 $6 (30. Kh1 {vermied
den Verlust größerer Einheiten, doch ist die Lage des Weißen nach} Nd3 31. Rc3
Nxb4 {nicht beneidenswert.}) 30... Ne2+ 31. Rxe2 Bxe2 32. Bd5 Rd8 33. Bxc6 Rxd4
34. Re1 Rd1 $2 (34... Rxc6 {beendet die Partie.}) 35. Rxd1 Bxd1 36. b5 Be2 (
36... Ra7 {nebst Ta7-a2 genügt ohne weiteres zum Gewinn, doch verdirbt der
Textzug nichts.}) 37. Nd7 Kg7 (37... Ra7 {ist einfacher; auf} 38. Nxb6 {folgt}
Bxb5) 38. f4 Ra7 39. Kf2 Bc4 40. Ke3 Ra4 $2 {Schwarz verfällt in Panik.} (40...
Ra2 41. Kd4 Be6 42. Nxb6 Rxb2 {müßte immer noch siegverheißend sein.}) 41. Nxb6
Rb4 42. Nxc4 Rxc4 43. Kd3 Rxf4 44. b6 Rb4 45. b7 Rxb2 46. Kc4 1/2-1/2

[Event "POL-ch 57th"]
[Site "Plock"]
[Date "2000.05.28"]
[Round "1"]
[White "Krasenkow, Michal"]
[Black "Markowski, Tomasz"]
[Result "1-0"]
[WhiteElo "2661"]
[BlackElo "2531"]
[Annotator "Huzman,A"]
[PlyCount "109"]
[EventDate "2000.04.28"]
[EventType "tourn"]
[EventRounds "13"]
[EventCountry "POL"]
[EventCategory "10"]
[SourceTitle "CBM 078"]
[Source "ChessBase"]
[SourceDate "2000.10.18"]
[SourceVersion "1"]
[SourceVersionDate "2000.10.18"]
[SourceQuality "1"]

1. Nf3 d5 2. d4 e6 3. c4 dxc4 4. Qa4+ c6 5. Qxc4 Nf6 6. Bg5 b5 7. Qc2 Bb7 8. e4
Nbd7 9. Nbd2 Qb6 (9... a6 10. Be2 (10. a4 Rc8 11. Be2 c5 12. d5 exd5 13. e5 h6
14. Bh4 g5 15. Bg3 Ne4 16. axb5 Nxg3 17. hxg3 Bg7 18. bxa6 Ba8 19. Bb5 $16 {
1-0 Kochyev,A-Rusanov,M/St.Petersburg (Russia) 1999 (37)}) 10... c5 11. d5 exd5
12. e5 h6 13. Bh4 g5 14. Bg3 Ne4 15. Nxe4 dxe4 16. Nd2 h5 17. h4 e3 18. fxe3
Bxg2 19. Rh2 Bd5 20. O-O-O Qa5 21. Bf3 Qxa2 22. Bxd5 Qxd5 23. Ne4 $40 {1-0
Yevseev,D-Mehyo,A/Pardubice CZE 2000/ (42)}) (9... h6 10. Bxf6 (10. Bh4 Qb6 11.
Qb3 g5 12. Bg3 g4 13. Ne5 Qxd4 14. Nxd7 Nxd7 15. O-O-O Qb4 16. Qc2 Qc5 $15 {
0-1 Sharavdorj,D-Dao Thien Hai/Shenyang CHN 1999 (47)}) 10... Qxf6 11. e5 Qd8
12. Bd3 Qb6 13. a4 a6 14. O-O Be7 15. Be4 O-O 16. Nb3 Rac8 17. a5 Qa7 $132 {
1-0 Grooten,H-Van der Werf,M/NED-sf Rotterdam 2000 (63)}) 10. a4 a6 (10... Bb4
$5 11. Bd3 h6 12. Bxf6 Nxf6 13. O-O Nd7 14. Nb3 bxa4 15. Rxa4 O-O 16. Rc1 c5
$15 {0-1 Kuzmin,A-Kharlov,A/Dubai UAE 2000 (46)}) 11. Be2 c5 (11... Bb4 12. O-O
h6 13. Be3 O-O (13... Ng4 14. Bf4 O-O {[%cal Yc6c5]} 15. e5 $1 $16 {[%csl Rg4]}
) 14. Nb3 Ng4 15. Bd2 bxa4 16. Rxa4 c5 17. dxc5 Bxc5 18. Nxc5 Nxc5 19. Rb4 $14)
12. axb5 axb5 13. Rxa8+ Bxa8 14. O-O Bb7 15. Rc1 $32 h6 (15... Be7 $2 16. e5
$18) 16. Be3 Ng4 (16... cxd4 17. Bxd4 (17. Nxd4 Bc5 18. Bxb5 $5 (18. N2b3 $1
Bxe4 19. Qd2 $16 {[%cal Ge3b6]}) 18... Bxd4 19. Nc4 Qc5 (19... Qa7 20. Bxd7+
Nxd7 21. Nd6+ Ke7 22. Bxd4 (22. Nb5 Qc5 23. Qxc5+ Bxc5 24. Bxc5+ Nxc5 25. Rxc5
Bxe4 $11) 22... Qxd4 23. Nxb7 $16) 20. b4 Qxb4 (20... Qa7 21. Nd6+ Ke7 22. Bxd4
Qxd4 23. Nxb7 Qxb4 24. Qd1 $1 {[%cal Gc1c7]} Ra8 25. Bxd7 Nxd7 26. Rc7 Qb5 27.
h3 $18) 21. Bxd4 O-O 22. Bxd7 Nxd7 23. Bxg7 Kxg7 24. Rb1 Bxe4 25. Qxe4 Nf6 26.
Qc2 Qc5 $11) 17... Qa5 18. Qc7 $16) (16... c4 17. b3 $1 cxb3 18. Qxb3 Nxe4 19.
Nxe4 Bxe4 20. Bxb5 $18) 17. dxc5 Nxe3 18. cxb6 Nxc2 19. Rxc2 $16 Bd6 20. Bxb5
Ke7 21. Bxd7 (21. Nc4 Bxe4 22. Rd2 Bd5 23. Nxd6 Kxd6 24. Bxd7 Kxd7 25. Ne5+ Kc8
(25... Ke7 26. Rxd5 exd5 27. b7 $18) 26. Nxf7 Rf8 27. Nd6+ Kd7 28. Nb5 Rb8 29.
Nc7 Kd6 $16) 21... Kxd7 22. e5 Bb8 23. Kf1 g5 24. h3 Rg8 25. g4 Bd5 26. Ke2 Ke7
27. Nc4 Rc8 28. Ne3 Rxc2+ 29. Nxc2 Kd7 (29... Bxf3+ 30. Kxf3 Bxe5 31. Ke4 Bd6
32. Nd4 Kd7 33. Nf3 $18 {[%cal Gf3e5]}) 30. Nb4 Bb7 31. Ke3 Kc8 32. Nd3 $1 {
[%cal Gd3c5]} Bxf3 33. Kxf3 Kb7 34. Ke4 Kxb6 35. b3 {The winning plan of the
White contains some steps.The first step is creating barrier against black
king by pawn b3 andNd3.} Bc7 36. Nb2 Kc6 37. Nd3 Bd8 38. f4 {The second step
is move f4 forming in black position weakness on h6.} gxf4 39. Nxf4 Be7 40. Nh5
{[%csl Rf7,Rh6][%cal Gh5f6,Gf6g8,Yf6e8,Ye8d6] The next step is improving
position of Nf4.} Bh4 41. Nf6 Be1 42. Ng8 Bd2 43. h4 Kd7 44. h5 $1 {Now White
are ready to create passed pawn "h".} Kc6 45. Nf6 {[%cal Gf6e8,Ge8d6]} Bb4 46.
g5 $1 hxg5 47. h6 Bf8 48. h7 Bg7 49. Ne8 $1 Bh8 50. Nd6 f5+ 51. Kd4 g4 52. Nf7
Bg7 53. h8=Q Bxh8 54. Nxh8 Kb5 55. Ng6 (55. Ng6 Kb4 56. Nf4 g3 57. Ke3 $18) 1-0

[Event "Mondariz zt 1.1"]
[Site "Mondariz"]
[Date "2000.09.05"]
[Round "3"]
[White "Efimov, Igor"]
[Black "Narciso Dublan, Marc"]
[Result "0-1"]
[WhiteElo "2520"]
[BlackElo "2507"]
[Annotator "Huzman,A"]
[PlyCount "70"]
[EventDate "2000.09.03"]
[EventType "swiss"]
[EventRounds "11"]
[EventCountry "ESP"]
[SourceTitle "CBM 079"]
[Source "ChessBase"]
[SourceDate "2000.11.21"]
[SourceVersion "1"]
[SourceVersionDate "2000.11.21"]
[SourceQuality "1"]

1. d4 d5 2. c4 e6 3. Nf3 Nf6 4. e3 Be7 5. Bd3 dxc4 6. Bxc4 c5 7. O-O O-O 8. Qe2
cxd4 9. Rd1 Nc6 10. exd4 Na5 11. Bd3 b6 12. Nc3 Bb7 13. Bg5 Rc8 14. Rac1 h6 15.
Bf4 (15. Bh4 $142) 15... Nd5 16. Bd2 (16. Qe4 Nf6 17. Qe2 $11) 16... Nxc3 17.
bxc3 Ba3 18. Rb1 (18. Rc2 Qd5 19. c4 Qh5 20. c5 bxc5 21. Bxa5 c4 $1 22. Ne5
$140 cxd3 $1 23. Qxh5 dxc2 24. Bd2 cxd1=Q+ 25. Qxd1 Rfd8 $17) 18... Qe7 (18...
Qd5 $5 {[%cal Ya5c4]} 19. Rb5 Qxa2 20. Rh5 (20. Bb1 Qc4 21. Bd3 Qc6 22. Rh5 Nc4
$17) (20. Ne5 Ba6 21. Qg4 f5 22. Qg3 Bxb5 23. Bxh6 Rc7 24. Bxb5 Qc2 $17) 20...
Nc4 21. Bb1 Bxf3 22. gxf3 Qb3 $17) 19. Ne5 Bd6 20. f4 (20. Qg4 $5 Kh8 21. Qh5
$36) 20... Rfd8 21. Rf1 Rc7 22. Rbe1 (22. f5 exf5 23. Bxf5 (23. Rxf5 $2 f6 24.
Ng6 Qxe2 25. Bxe2 Be4 $19) 23... Bxe5 (23... f6 24. Qg4 Bxe5 25. Bxh6 $40) 24.
dxe5 Ba6 $1 25. Qxa6 Rxd2 $17) 22... Bd5 23. Qh5 (23. f5 $1 Bxe5 (23... exf5
24. Qh5 $1 (24. Bxf5 Bxe5 25. Qxe5 Qxe5 26. Rxe5 Nc4 $17) (24. Rxf5 f6 25. Ng4
Qxe2 26. Rxe2 Bc4 $15) 24... Bxe5 (24... Be6 25. Bxf5 $36) 25. Rxe5 Qd7 26.
Bxf5 Qc6 $132 {[%cal Ya5c4,Yc6g2]}) 24. Qxe5 Nc4 25. Bxc4 (25. Qg3 Nxd2 26. f6
Qf8 27. Qxc7 Nxf1 28. Rxf1 Rc8 29. Qg3 $36) 25... Bxc4 26. f6 Qd6 $14 27. Rf3 (
27. Qxd6 Rxd6 28. Bf4 Bxf1 29. Bxd6 Rd7 30. Be5 gxf6 $11) 27... Qxe5 28. Rxe5
Bxa2 29. Rg3 g6 30. Bxh6 Rdc8 31. Ree3 $40 {[%cal Gh6g7,Gg3h3,Gh3h8]}) 23... f5
$1 24. g4 $1 Bxe5 $1 25. fxe5 (25. Rxe5 Nc4 26. Bxc4 (26. Re2 Nxd2 27. Rxd2
Rxc3 $17) 26... Bxc4 27. Rfe1 Qf7 $15) 25... Bc4 $1 26. Bb1 $2 (26. Bxc4 $1
Nxc4 27. Bc1 (27. Bxh6 gxh6 28. Qg6+ Qg7 29. Qxe6+ Kh8 30. Qxf5 $44) 27... Qf7
(27... fxg4 28. Qxg4 (28. Re4 Rf8 29. Rxf8+ Qxf8 30. Qxg4 Qf5 31. Bxh6 Rf7 $44)
28... Kh7 29. Re2 $40 {[%cal Ge2g2]}) 28. Qh4 (28. Qxf7+ Rxf7 29. gxf5 Rxf5 30.
Rxf5 exf5 31. e6 g5 32. h4 f4 $132) 28... Rd5 29. gxf5 exf5 30. e6 $36) 26...
Bxf1 27. Rxf1 Nc4 28. Bc1 (28. Bxh6 gxh6 29. Qg6+ Qg7 30. Qxe6+ Kh8 $19) 28...
Nxe5 $1 29. gxf5 (29. dxe5 Qc5+ (29... Rxc3 30. Bxh6) 30. Kg2 Qd5+ (30... Qxe5)
31. Kg1 Rxc3 32. Bxh6 Rf3 $1 33. Re1 (33. Rxf3 Qxf3 34. Bc2 Rd4 35. h3) 33...
Qc5+ 34. Kh1 Qa5 35. Qh4 Qd5 36. Kg1 gxh6 37. Qxh6) 29... Rxc3 (29... Nd7 $1
30. fxe6 (30. Qg6 e5 (30... Nf8 31. Qg3 exf5 32. Bxh6 Rdc8 33. Bd2) 31. Bxh6
exd4 32. cxd4 Nf6 $17) 30... Qxe6 31. Bf5 Qc6 32. Bg5 Rf8 $17) 30. fxe6 (30. f6
$1 gxf6 (30... Qc7 31. Bd2) 31. dxe5 Qc5+ 32. Kg2 Qc6+ $11) 30... Nf3+ $1 31.
Kh1 Qxe6 $19 32. Bg6 Qe2 33. Qh3 Nh4 34. Bf7+ Kh8 35. Bh5 Qxh5 0-1

[Event "Olympiad-34"]
[Site "Istanbul"]
[Date "2000.11.05"]
[Round "8.1"]
[White "Torre, Eugenio"]
[Black "Ivanchuk, Vassily"]
[Result "0-1"]
[WhiteElo "2552"]
[BlackElo "2719"]
[Annotator "Ivanchuk/Sulypa"]
[PlyCount "78"]
[EventDate "2000.10.28"]
[EventType "team-swiss"]
[EventRounds "14"]
[EventCountry "TUR"]
[SourceTitle "EXT 2001"]
[Source "ChessBase"]
[SourceDate "2000.11.22"]
[SourceVersion "1"]
[SourceVersionDate "2000.11.22"]
[SourceQuality "1"]
[WhiteTeam "Philippines"]
[BlackTeam "Ukraine"]
[WhiteTeamCountry "PHI"]
[BlackTeamCountry "UKR"]

1. d4 {Tsesarsky} d5 2. c4 e6 3. Nf3 Nf6 4. Bg5 Bb4+ 5. Nbd2 {'?!' Tsesarsky.
Tsesarsky: 'Dubious variation. White sacrifices P and then had to justify this,
not always successful...'} dxc4 6. a3 {'=/+?!' Tsesarsky.} (6. e3 $142 {
Tsesarsky} c3 (6... Qd5 {Tsesarsky} 7. Bxf6 gxf6 8. a3 Ba5 9. Qc2 b5 10. a4 a6
11. Be2 Bb7 12. O-O Bxd2 13. Qxd2 Rg8 14. Rfc1 Nd7 15. b3 $132 {1-0 Sokolov,
I-Vasiljevic,D/Pancevo 1987/TD (47)}) (6... b5 {Tsesarsky} 7. Be2 Bb7 8. O-O
Nbd7 9. b3 Bxd2 10. Qxd2 cxb3 11. Bxb5 Bxf3 12. gxf3 Ne4 13. Bxd7+ Kxd7 14.
fxe4 Qxg5+ 15. Kh1 bxa2 16. f4 $13 {1/2-1/2 Zagoriansky,E-Ragozin,V/Sverdlovsk
1943/HCL (32)}) 7. bxc3 Bxc3 8. Rc1 Bxd2+ 9. Qxd2 Bd7 10. Bd3 Bc6 11. e4 h6 12.
Bxf6 gxf6 13. O-O $44 {1-0 Petkov,V-Dimitrov,V/BUL-ch 1991/TD (40)}) (6. e4 $6
{Tsesarsky} b5 7. a4 (7. e5 {Tsesarsky} h6 8. exf6 hxg5 9. fxg7 Rg8 $15) 7...
c6 8. Qc2 (8. e5 {Tsesarsky} h6 9. exf6 hxg5 10. fxg7 Rg8 11. axb5 cxb5 12. Qc2
(12. Bxc4 {Tsesarsky} Bxd2+ 13. Nxd2 bxc4 14. Qf3 Qd5 15. Ne4 Nd7 $19) 12...
Rxg7 13. h4 g4 $17) 8... h6 9. Bxf6 Qxf6 10. axb5 cxb5 11. b3 Nc6 12. bxc4 Nxd4
13. Nxd4 Qxd4 14. Rd1 Bb7 $19 {0-1 Saljova,S-Botsari Miladinovic,A/Hradec
Kralove 1992/TD (25)}) (6. Rc1 {Tsesarsky} b5 7. g3 Bb7 8. Bg2 Nbd7 9. O-O c5
10. a3 Bxd2 11. Bxd2 O-O 12. b3 cxd4 13. bxc4 bxc4 14. Bb4 Re8 15. Qxd4 Nb6 $15
{1-0 Maljutin,E-Lopushnoy,D/Moscow 1996/EXT 2000 (44)}) 6... Bxd2+ (6... c3 {
Tsesarsky} 7. axb4 cxd2+ 8. Qxd2 Nbd7 9. e3 h6 10. Bh4 O-O 11. Bd3 Qe7 12. Ne5
Re8 13. f4 $14 {1-0 Opocensky,K-Sefc,J/Prague 1953/MCD (35)}) (6... Be7 {
Tsesarsky} 7. Nxc4 O-O 8. e3 Nbd7 9. Rc1 c5 10. Be2 b6 11. O-O Bb7 12. Bf4 cxd4
13. Nxd4 Rc8 $11 {1-0 Hebden,M-Braga,F/Benidorm 1993/EXT 97 (50)}) 7. Qxd2 c6 {
More logical move} (7... b5 {leeds to unclear position} 8. a4 c6 9. g3 (9. e3 {
Tsesarsky} O-O 10. Be2 Nbd7 (10... Ne4 {Tsesarsky} 11. Bxd8 Nxd2 12. Nxd2 Rxd8
13. axb5 $16) 11. Qc2 h6 12. Bh4 Bb7 $44) 9... Bb7 10. Bg2 a6 11. Bxf6 (11. Ne5
{Tsesarsky} Nbd7 12. f4 $44) 11... Qxf6 12. Ne5 Qe7 13. O-O O-O $13 {0-1
Misanovic,V-Bojkovic,N/Kishinev 1995/EXT 97 (40)} 14. Qa5 f6 15. Ng4 Rc8 16. e4
Nd7 17. Rfe1 Nf8 18. Ne3 $15 {0-1 Misanovic,V-Bojkovic,N/Kishinev 1995/EXT 97 
(40)}) (7... Nc6 {Tsesarsky} 8. e3 Qd5 9. Bxf6 $5 (9. Bf4 {Tsesarsky} Ne4 10.
Qc2 Qa5+ 11. Nd2 Nxd2 12. Qxd2 b5 $44 13. Qxa5 {1/2-1/2 Stoll,A-Keller,M/
Krumbach 1981/EXT 98 (13)}) 9... gxf6 10. Rc1 Na5 11. Qc3 Rg8 12. Nd2 e5 13.
dxe5 Qxe5 (13... fxe5 {Tsesarsky} 14. e4 $18) 14. Nxc4 Nxc4 15. Bxc4 Bf5 (15...
Rxg2 {Tsesarsky} 16. Qxe5+ fxe5 17. Bd5 $16 {[%csl Rc7][%cal Gc1c7]}) 16. Bb3
Qxc3+ 17. Rxc3 c6 18. g3 $14) 8. a4 (8. e3 b5 {-with good perspective for the
black}) 8... Nbd7 {'©?!' Tsesarsky.} ({Another plan connected with overpawn
keeping is} 8... b5 $5 $15 {(Tsesarsky) -in my opinion, better than move in
text. Black can delay Nbd7 and to develop queenside by a7-a6, Bb7 etc.}) 9. Qb4
{'-/+?' Tsesarsky.} (9. e3 $142 {Tsesarsky} b5 10. b3 cxb3 11. axb5 Bb7 12. Qb4
$132) 9... h6 {'=?' Tsesarsky. Tsesarsky: 'Returns equal position to White...'}
({In obvious move} 9... Qb6 {be found} 10. Qa3 $1 {and after} (10. Qxb6 {
Tsesarsky} axb6 11. e3 b5 $17) (10. Qxc4 {Tsesarsky} Qxb2 11. Rc1 Nb6 $17)
10... Qa5+ 11. Bd2 Qd5 {'!' Tsesarsky.} 12. e3 a5 (12... b5 {Tsesarsky} 13. Be2
Bb7 14. O-O Ne4 15. Bb4 a5 16. axb5 cxb5 (16... axb4 {Tsesarsky} 17. Qxa8+ Bxa8
18. Rxa8+ Ke7 19. Rxh8 cxb5 20. Rxh7 $132) 17. Bxa5 Nd2 $3 18. Bxd2 Rxa3 19.
Rxa3 O-O $17) 13. Be2 b6 14. O-O Ba6 15. Bc3 {with idea Nd2-position not clear}
(15. Rfc1 c3 16. Bxa6 cxd2 17. Bb7 dxc1=Q+ 18. Rxc1 Rb8 19. Bxc6 Rc8 {the
black should be winning})) 10. Bxf6 Qxf6 11. e3 a5 $1 {Important move.} (11...
e5 12. Bxc4 $14) 12. Qxc4 ({The idea of 11...a5 is in} 12. Qc3 {to play} b5 13.
axb5 cxb5 14. Rxa5 Rxa5 15. Qxa5 Qf5 $1 16. Nd2 O-O $36 {with initiative})
12... O-O 13. Be2 (13. Qc3 Re8 14. Ne5 Nxe5 15. dxe5 Qe7 $11 {with nextly Qb4})
13... e5 {Tsesarsky: 'Of course, Black solved opening problems, position is
equal but not drawn!'} 14. O-O exd4 15. Qxd4 ({more natural was} 15. Nxd4 Ne5 (
15... c5 $6 16. Nb5 Qxb2 17. Rfd1 $36) 16. Qc5 $11) 15... Qe7 16. Rfd1 $2 ({
Simply} 16. Rfc1 {,don't gived xc5, was enough for equality}) 16... Nc5 17. Qd6
$6 {'=/+?!' Tsesarsky. Tsesarsky: 'Positional mistake. White wishes to simlify
position by QQ exchange, but without QQ it will be difficult for White to
defend weaknesses on the queenside - a4 etc. '} ({Strangely played-} 17. Bc4 {
still keeping the position}) ({Much better was} 17. Qf4 {Tsesarsky} Be6 18. Nd4
$11) 17... Qxd6 18. Rxd6 Bg4 {Now there some problems for the white in the
ending:a4 is week,"d"-line will be take by black's rook and there are
potentionly passed pawn in queen side.} 19. Bc4 Bxf3 {'!' Tsesarsky.} 20. gxf3
Rfd8 {Tsesarsky: 'Now White had to yield d-file because Ra1 connected with a4
defence or to play: '} 21. Rd4 {Tsesarsky: 'with further PP weaknesses
creation after RR exchange on d4.'} Kf8 ({Possible was} 21... Rxd4 22. exd4 Nd7
23. Ra3 {but after white have good chances to draw}) 22. b3 (22. Ra3 $142)
22... Rxd4 23. exd4 Nd7 (23... Ne6 $5 {Tsesarsky} 24. Bxe6 fxe6 25. Re1 Ke7 26.
Re4 Rf8 27. Kg2 $15) 24. d5 {'!' Tsesarsky.} ({Or} 24. Kf1 {Tsesarsky} Nf6 25.
Ke2 Rd8 $17) 24... Ne5 25. dxc6 {'-/+?' Tsesarsky.} ({stronger was} 25. f4 Ng6
(25... Nxc4 26. bxc4 cxd5 27. cxd5 Rc8 28. Rb1 $15 {/=} Rc4 29. Rxb7 Rxf4 30.
d6 Ke8 31. Re7+ Kd8 32. Kg2 g5 33. Kg3 h5 34. Ra7 Rxa4 35. Rxf7 $44) 26. dxc6
bxc6 27. Rd1 Ke7 (27... Ra7 {Tsesarsky} 28. Rd4 Ke7 29. Kg2 Nh4+ 30. Kh3 Nf5
31. Re4+ Kd6 32. Kg4 g6 33. h4 Re7 34. Re5 Rxe5 35. fxe5+ Kxe5 36. Bxf7 Kf6 $15
) 28. Re1+ {enough for draw} ({or} 28. Rd4)) 25... bxc6 26. Be2 $2 ({Last
chance was} 26. f4 $5 Nxc4 27. bxc4 Rb8 28. Rd1 (28. c5 Rb4 29. Rd1) 28... Rb4
29. c5 {with good drawing chances}) 26... Rb8 27. Rb1 {'-+?' Tsesarsky.
Tsesarsky: 'Too passive...'} ({Why not} 27. f4 $1 {Tsesarsky} Ng6 28. f5 Nh4
29. f6 Rxb3 30. fxg7+ Kxg7 31. Rc1 Rb2 32. Kf1 Ra2 33. Bd1 Rd2 34. Ke1 Rd6 35.
Rc5 Ng2+ 36. Ke2 Nf4+ 37. Ke3 Rxd1 38. Kxf4 Rd4+ $17 {with certain chances to
survive.}) (27. Bd1 {Tsesarsky} Rd8 $17) 27... Rb4 {Tsesarsky: 'Now Black
without problems implements simple and strong plan: after g7-g5 and f7-f6 Ne5
became stable and then Kf8 take a walk to the queenside. White's position is
hopeless.'} 28. Kg2 Ke7 29. Re1 Kd6 30. Bd1 Rd4 $19 {The black's pieces take
all key points.} 31. Bc2 f6 {There are no any counterplay for the white.} 32.
Kg3 g5 $1 33. Rd1 {Tsesarsky: 'After RR excange endgame is also lost for White.
'} Rxd1 34. Bxd1 Nd3 {'!' Tsesarsky.} 35. Bc2 Nf4 36. Kg4 Ke5 37. b4 axb4 38.
a5 h5+ {'!' Tsesarsky.} 39. Kg3 Kd6 0-1

[Event "Berliner Sommer 11th"]
[Site "Berlin"]
[Date "1993.08.22"]
[Round "9"]
[White "Kalinitschew, Sergey"]
[Black "Bangiev, Alexander J"]
[Result "1-0"]
[WhiteElo "2480"]
[BlackElo "2385"]
[Annotator "Kalinitschew,S"]
[PlyCount "65"]
[EventDate "1993.08.??"]
[EventType "swiss"]
[EventRounds "9"]
[EventCountry "GER"]
[SourceTitle "TD"]
[Source "ChessBase"]
[SourceDate "1994.03.01"]
[SourceVersion "1"]
[SourceVersionDate "1994.03.01"]
[SourceQuality "1"]

1. d4 Nf6 2. Nf3 d5 3. c4 c6 4. e3 e6 5. Bd3 Nbd7 6. O-O Be7 7. Nbd2 dxc4 (7...
c5 8. b3 cxd4 9. exd4 b6 10. Bb2 Bb7 11. Qe2 O-O 12. Rad1 Rc8 13. Ne5 Nxe5 14.
dxe5 Nd7 15. cxd5 Bxd5 16. Ne4 Nc5 17. Nf6+ gxf6 18. Qg4+ Kh8 19. exf6 Bxf6 20.
Qh4 {1-0 Mikhalchishin,A-Schmidt/Porz 1981/}) 8. Nxc4 b5 $5 9. Nce5 Nxe5 10.
Nxe5 Bb7 11. Bd2 (11. Qb3 $14) 11... Bd6 $1 12. f4 Qe7 13. Rc1 Rc8 14. Qf3 a6
15. Qh3 c5 (15... O-O $2 16. Be1 $1 {[%cal Ge1h4]} (16. b4 $16)) 16. f5 Bd5 $2
(16... c4 17. fxe6 $1 Bxe5 18. dxe5 cxd3 19. exf7+ $18) (16... cxd4 17. exd4
$14) (16... O-O 17. fxe6 fxe6 18. Rf4 $14 (18. Qh4 $2 c4 19. Bb1 Ne4)) 17. Ng4
Nxg4 18. Qxg4 f6 19. Qh5+ $1 Qf7 20. Qh4 e5 21. dxc5 Rxc5 $8 22. Bb4 Rxc1 $2 (
22... Qa7 $8 23. Bxc5 Bxc5 24. Kh1 O-O 25. e4 Bxa2 26. Ra1 Qf7 27. Qe1 $16) 23.
Rxc1 Bc7 24. Be4 $18 Bd8 25. Rd1 Bxe4 26. Qxe4 Qc7 27. Qd5 Qc8 28. h3 Be7 $6
29. Bxe7 Kxe7 30. Qd6+ Ke8 31. Rd5 Rf8 32. Rc5 Qd7 33. Qb6 {1.55-1.28} 1-0

[Event "Berliner Sommer 11th"]
[Site "Berlin"]
[Date "1993.08.20"]
[Round "7"]
[White "Kalinitschew, Sergey"]
[Black "Lamprecht, Frank"]
[Result "1/2-1/2"]
[WhiteElo "2480"]
[BlackElo "2330"]
[Annotator "Kalinitschew,S"]
[PlyCount "107"]
[EventDate "1993.08.??"]
[EventType "swiss"]
[EventRounds "9"]
[EventCountry "GER"]
[SourceTitle "TD"]
[Source "ChessBase"]
[SourceDate "1994.03.01"]
[SourceVersion "1"]
[SourceVersionDate "1994.03.01"]
[SourceQuality "1"]

1. d4 d5 2. c4 e6 3. Nf3 c6 4. Qc2 Nf6 5. g3 dxc4 6. Qxc4 b5 7. Qc2 Bb7 8. Nbd2
Nbd7 9. Nb3 Rc8 $146 (9... Qb6) 10. Nc5 Nxc5 11. dxc5 Qa5+ 12. Bd2 b4 13. Rc1
Nd7 14. Be3 b3+ 15. Qd2 Qxd2+ 16. Nxd2 bxa2 17. b4 a5 $6 (17... Ra8 18. Bg2 a5
19. b5 Rc8 20. Nb3 Nxc5 21. Bxc5 Bxc5 22. Nxc5 cxb5 23. Bxb7 Rxc5 24. Kd2 $16)
(17... Rb8 18. Ra1 (18. Nb3 Ba8 19. Bd2 Nxc5 $1 $19) 18... Ba8 (18... Bc8 19.
Bg2) 19. Rxa2 Rxb4 20. Rxa7 Bb7 21. Bg2 Bxc5 22. Bxc5 Nxc5 23. O-O O-O 24. Rc1)
18. bxa5 Bxc5 19. Bxc5 Nxc5 20. Ra1 Ba6 21. Rxa2 Ke7 22. Bg2 Bb5 23. O-O $1
Bxe2 24. Rc1 Na6 25. Nb3 Bd3 26. Rd2 Nb4 27. Nc5 Rhd8 28. Nxd3 $2 (28. Rb2 Rb8
$8 29. Nxd3 Nxd3 30. Rxb8 Rxb8 31. Rxc6 $16) 28... Nxd3 29. Rxc6 Rxc6 30. Bxc6
Nb4 31. Rxd8 Kxd8 32. Bb5 Kc7 33. Be8 f6 34. Kg2 Nc6 35. a6 Nb4 36. Bf7 Nxa6
37. Bxe6 Kd6 38. Bg8 h6 39. Kf3 Ke5 40. Kg4 f5+ 41. Kh5 Kf6 42. Bc4 Nc5 43. f3
Nd7 44. Bd5 Ne5 45. Bb7 Nf7 46. f4 g6+ 47. Kh4 Nd6 48. Bd5 Nb5 49. Kh3 Nc7 50.
Bc4 g5 51. Kg2 Ne6 52. Kf3 gxf4 53. gxf4 Nxf4 54. Kxf4 {2.12-2.09} 1/2-1/2